Plants vs zombies 2 (plants starting with letter B) - Statistics

General Stats
  • This quiz has been taken 6 times
  • The average score is 3 of 6
Answer Stats
Answer % Correct
bonk choy
80%
bloomerang
60%
blover
60%
bowling bulb
60%
banana laucher
20%
blooming hearth
20%
No matching quizzes found
Score Distribution
Percent of People with Each Score
Percentile by Number Answered
Your Score History
You have not taken this quiz